| 000 | 00679nam a2200241Ia 4500 | ||
|---|---|---|---|
| 003 | OSt | ||
| 005 | 20220925202558.0 | ||
| 006 | a|||||r|||| 00| 0 | ||
| 007 | ta | ||
| 008 | 220923b |||||||| |||| 00| 0 eng d | ||
| 037 | _cGeneral Book | ||
| 040 |
_aRTL _cRTL _beng |
||
| 041 |
_2eng _aeng |
||
| 082 | _aV2,8.N6, K9 | ||
| 100 |
_aTyagi A R _9101936 |
||
| 245 | 0 | _aThe Civil service in a developing society | |
| 260 |
_aDelhi _bSterling Publishers India _c1969 |
||
| 300 |
_axv,426p _ccm. |
||
| 500 | _aAppendix: P 409-419; Index:P.421-26 | ||
| 650 | _aBureaucracy India | ||
| 942 |
_hV2,8.N6, K9 _cGB _2CC |
||
| 999 |
_c543413 _d543413 |
||